Pay for excellence and get success, wealth and fame all free of cost !!!: / (Record no. 154846)
[ view plain ]
| 000 -LEADER | |
|---|---|
| fixed length control field | 00682nam a22001937a 4500 |
| 005 - DATE AND TIME OF LATEST TRANSACTION | |
| control field | 20180726102553.0 |
| 010 ## - LCCN (DPL NO) | |
| LC control number | ENG-123601 |
| 020 ## - INTERNATIONAL STANDARD BOOK NUMBER | |
| International Standard Book Number | 9788172867553 |
| Terms of availability | 140.00 |
| 035 ## - SYSTEM CONTROL NUMBER | |
| System control number | EN-107133 |
| 037 ## - SOURCE OF ACQUISITION | |
| Source of stock number/acquisition | DBAD/PUB. |
| 082 ## - DEWEY DECIMAL CLASSIFICATION NUMBER | |
| Classification number | 174.4 |
| 100 ## - MAIN ENTRY--PERSONAL NAME | |
| Personal name | Sarma, A.R.K. |
| 245 ## - TITLE STATEMENT | |
| Title | Pay for excellence and get success, wealth and fame all free of cost !!!: / |
| Statement of responsibility, etc | by A.R.K. Sarma |
| Remainder of title | (based on sami vivekananda's message) / |
| 260 ## - PUBLICATION, DISTRIBUTION, ETC. (IMPRINT) | |
| Place of publication, distribution, etc | Bengaluru |
| Name of publisher, distributor, etc | Prism Books Pvt. Ltd. |
| Date of publication, distribution, etc | 2012 |
| 270 ## - ADDRESS | |
| Address | #1865, 32nd Cross, 10th Main, BSK II State |
| City | Bengaluru |
| Postal code | 110002 |
| 300 ## - PHYSICAL DESCRIPTION | |
| Extent | 180p. |
| Dimensions | 21cm(pbk) |
| Other physical details | ill. |
| 500 ## - GENERAL NOTE | |
| General note | It includes Prism Publications |
| 942 ## - ADDED ENTRY ELEMENTS (KOHA) | |
| Source of classification or shelving scheme | Dewey Decimal Classification |
| Item type | English Books |
| Classification part | 174.4 |
| Call number suffix | SAR |
| Withdrawn status | Lost status | Not for loan | Collection code | Home library | Current library | Date acquired | Source of acquisition | Cost, normal purchase price | Full call number | Barcode | Copy number | Cost, replacement price | Koha item type |
|---|---|---|---|---|---|---|---|---|---|---|---|---|---|
| Not For Loan | Non-fiction | D.B.Act.Division | Patel Nagar | 26/07/2018 | DBAD/PUB | 140.00 | 174.4 SAR | EN-107133 | 1 | 140.00 | English Books |
